Cidade Aleatória Para Estado (Brasil) - Statistics

Estatísticas Gerais
  • Esse quiz foi jogado 417 vezes
  • A pontuação média é 8 de 10
Estatísticas das Respostas
Cidade Estado % Correto
São Paulo São Paulo
95%
Palmas Tocantins
95%
Rio Branco Acre
94%
Fortaleza Ceará
94%
Salvador Bahia
93%
Rio de Janeiro Rio de Janeiro
93%
Campinas São Paulo
93%
Porto Alegre Rio Grande do Sul
92%
Goiânia Goiás
91%
Brasília Distrito Federal
90%
Florianópolis Santa Catarina
90%
Manaus Amazonas
89%
Belo Horizonte Minas Gerais
89%
Belém Pará
89%
Curitiba Paraná
89%
Uberlândia Minas Gerais
88%
Recife Pernambuco
87%
Caxias do Sul Rio Grande do Sul
87%
Aracaju Sergipe
87%
Maceió Alagoas
86%
São Luis Maranhão
85%
São Gonçalo Rio de Janeiro
85%
Natal Rio Grande do Norte
85%
Macapá Amapá
82%
Campo Grande Mato Grosso do Sul
82%
Porto Velho Rondônia
82%
Vitória Espírito Santo
81%
João Pessoa Paraíba
79%
Nova Iguaçu Rio de Janeiro
79%
Macaé Rio de Janeiro
77%
Feira de Santana Bahia
75%
Juazeiro Bahia
75%
Dourados Mato Grosso do Sul
75%
Vila Velha Espírito Santo
72%
Imperatriz Maranhão
68%
Ananindeua Pará
67%
Anápolis Goiás
56%
Maracanaú Ceará
54%
Lagarto Sergipe
54%
Parintins Amazonas
52%
Campina Grande Paraíba
52%
Gurupi Tocantins
47%
Nenhum quiz correspondente encontrado
Distribuição das Pontuações
Porcentagem de Pessoas com Cada Pontuação
Percentil de Números Respondidos
Sua Pontuação Histórica
Você não jogou esse quiz